| 000 | 00537nam a2200169Ia 4500 | ||
|---|---|---|---|
| 008 | 260520s2023 xx 000 0 und d | ||
| 020 | _a978-93-91948-00-9 | ||
| 041 | _amar | ||
| 082 | _a954.7902/KAM | ||
| 100 | _aकांबळे, आर एच | ||
| 245 | _aमराठी सत्तेचा साम्राज्यविस्तार | ||
| 250 | _a1st ed | ||
| 260 |
_aपुणे _bडायमंड पब्लिकेशन्स, _c2023 |
||
| 300 | _a207p. | ||
| 500 | _aCat No: 15029 | ||
| 650 | _aHISTORY | ||
| 999 |
_c1221836 _d1221836 |
||